Due diligence para abogados y contadores (Registro nro. 6945)
[ vista simple ]
| 000 -LEADER | |
|---|---|
| fixed length control field | 01634 a2200253 4500 |
| 001 - CONTROL NUMBER | |
| control field | 60376 |
| 005 - DATE AND TIME OF LATEST TRANSACTION | |
| control field | 20260407155854.0 |
| 008 - FIXED-LENGTH DATA ELEMENTS--GENERAL INFORMATION | |
| fixed length control field | 260407a2017 arg spa d |
| 003 - CONTROL NUMBER IDENTIFIER | |
| control field | AR-UNSa-BCEJYS |
| 040 ## - CATALOGING SOURCE | |
| Original cataloging agency | AR-UNSa-BCEJYS |
| Language of cataloging | spa |
| Transcribing agency | AR-UNSa-BCEJYS |
| 080 ## - UNIVERSAL DECIMAL CLASSIFICATION NUMBER | |
| Universal Decimal Classification number | 657.6 |
| Common auxiliary subdivision | Auditoria (control interno) |
| 020 ## - INTERNATIONAL STANDARD BOOK NUMBER | |
| International Standard Book Number | 978-987-01-2043-8 |
| 041 ## - LANGUAGE CODE | |
| Language code of text/sound track or separate title | spa |
| 100 1# - MAIN ENTRY--PERSONAL NAME | |
| Personal name | Eguía, José L. |
| 245 10 - TITLE STATEMENT | |
| Title | Due diligence para abogados y contadores |
| 250 ## - EDITION STATEMENT | |
| Edition statement | 2a. ed |
| 264 #1 - PRODUCTION, PUBLICATION, DISTRIBUTION, MANUFACTURE, AND COPYRIGHT NOTICE | |
| Place of production, publication, distribution, manufacture | Buenos Aires : |
| Name of producer, publisher, distributor, manufacturer | Errepar |
| Date of production, publication, distribution, manufacture, or copyright notice | 2017 |
| 300 ## - PHYSICAL DESCRIPTION | |
| Extent | xl, 595 p. |
| Dimensions | 22 cm. |
| 505 ## - FORMATTED CONTENTS NOTE | |
| Formatted contents note | 1. El concepto de due diligence para abogados - 2. El concepto de due diligence para contadores - 3. La etapa preliminar en la estructuración del due diligence legal y contable-tributario - 4. Etapas en la evolución de un due diligence legal y contable-tributario - 5. Consideraciones adicionales respecto de las etapas de un due diligence contable - 6. ¿Qué son las contingencias? - 7. Análisis de riesgos en el due diligence - 8. Due diligence para la compra de un fondo de comercio - 9. Due diligence para la adquisición de control sobre una compañía objetivo - 10. Due diligence sobre temas jurídicos estructurales - 11. Due diligence laboral - 12. Due diligence previsional - 13. Naturaleza del trabajo del due diligence contable - 14. Procedimientos básicos de un due diligence contable - 15. Due diligence impositivo - 16. Informe del due diligence contable |
| 590 ## - LOCAL NOTE (RLIN) | |
| Local note | niveau_biblio:m niveau_hierar:0 |
| 700 1# - ADDED ENTRY--PERSONAL NAME | |
| Personal name | Papa, Rodolfo G. |
| 856 41 - ELECTRONIC LOCATION AND ACCESS | |
| Uniform Resource Identifier | <a href="https://www.biblioeco.unsa.edu.ar/pmb/images/libros/L129131.jpg">https://www.biblioeco.unsa.edu.ar/pmb/images/libros/L129131.jpg</a> |
| Link text | Imagen de portada |
| Electronic format type | image/jpeg |
| 942 ## - ADDED ENTRY ELEMENTS (KOHA) | |
| Koha item type | |
| Withdrawn status | Lost status | Damaged status | Not for loan | Home library | Current library | Shelving location | Date acquired | Total checkouts | Full call number | Barcode | Date last seen | Price effective from | Koha item type |
|---|---|---|---|---|---|---|---|---|---|---|---|---|---|
| Biblioteca Prof. Eusebio Cleto del Rey | Biblioteca Prof. Eusebio Cleto del Rey | 07/04/2026 | 657.6 E28 2ed. | L129131 | 07/04/2026 | 07/04/2026 | Libro |